| 000 | 04377nam a22006017a 4500 | ||
|---|---|---|---|
| 001 | |||
| 003 | dpl | ||
| 005 | 20080604092438.0 | ||
| 006 | a|||||r|||||00| 1 | ||
| 007 | ta | ||
| 008 | 080604t xxu||||| |||| 00| 0 eng d | ||
| 020 |
_a9780746054147 _c65.00 |
||
| 040 | _aDPL | ||
| 082 | _aS / WIL | ||
| 100 | _aWilkes, Angela | ||
| 245 |
_aThe adventures of King Arthur / _cretold by Angela Wilkes; adapted by Gill Harvey; illustrated by Peter Dennis |
||
| 260 |
_aLondon _bUsborne Publishing _c2004 |
||
| 260 | _bBlue Berry (Dist6ributors) | ||
| 270 |
_aUsborne Hosue, 83-85 Saffron Hill, _bLondon |
||
| 300 |
_a64p. _c18 cm (pbk) _bill. |
||
| 490 | _aUsbrone young reading series 2; edited by Lesley Sims | ||
| 700 | _aHarvery, Gill | ||
| 700 | _aDennis, Peter | ||
| 700 | _aSims, Lesley | ||
| 942 |
_2ddc _cCH _hS / WIL |
||
| 999 |
_c13270 _d13270 |
||